Un Segle de vida caputxina a Catalunya : 1564-1664 : aproximació històrico-bibliogràfica / Basili de Rubí 1564-1664 :
Descripción Física:
XXVI, 995 p. : il., [48] p. de làm. ; 24 cm
Otros Autores:
Caputxins de Sarrià (Barcelona)
MARC
| LEADER | 00000nam a2200000Ia 4500 | ||
|---|---|---|---|
| 001 | 1821 | ||
| 008 | 160829s1978 xx 000 0 cat d | ||
| 080 | |a H-1-80 | ||
| 100 | |a Basili de Rubí, pare |9 23082 | ||
| 245 | |a Un Segle de vida caputxina a Catalunya : |b 1564-1664 : |b aproximació històrico-bibliogràfica / Basili de Rubí | ||
| 260 | |a Barcelona : |b Caputxins de Sarrià, |c 1978 | ||
| 300 | |a XXVI, 995 p. : |b il., [48] p. de làm. ; |c 24 cm | ||
| 650 | |a Caputxins |x Catalunya |x Història |x 1564/1664 |9 23083 | ||
| 700 | |a Caputxins de Sarrià (Barcelona) |9 23084 | ||
| 901 | |a Arxiu | ||
| 942 | |n 1 | ||
| 952 | |0 0 |1 0 |4 0 |6 H180 |7 1 |9 42529 |a Arxiu |b Arxiu |d 2016-12-01 |l 0 |o H-1-80 |p 1821 |r 2016-12-01 00:00:00 |w 2016-12-01 |y ARXIU | ||
| 999 | |c 45034 |d 45034 | ||